Computer architecture and implementation / (Record no. 176248)

000 -LEADER
fixed length control field 01039 a2200229 4500
003 - CONTROL NUMBER IDENTIFIER
control field Nust
005 - DATE AND TIME OF LATEST TRANSACTION
control field 20220726102507.0
010 ## - LIBRARY OF CONGRESS CONTROL NUMBER
LC control number 99016243
020 ## - INTERNATIONAL STANDARD BOOK NUMBER
International Standard Book Number 0521651689 (hard)
020 ## - INTERNATIONAL STANDARD BOOK NUMBER
International Standard Book Number 0521657059 (pbk.)
040 ## - CATALOGING SOURCE
Transcribing agency Nust
082 00 - DEWEY DECIMAL CLASSIFICATION NUMBER
Classification number 004.22,GRA
100 1# - MAIN ENTRY--PERSONAL NAME
Personal name Cragon, Harvey G.
9 (RLIN) 95134
245 10 - TITLE STATEMENT
Title Computer architecture and implementation /
Statement of responsibility, etc. Harvey G. Cragon.
260 ## - PUBLICATION, DISTRIBUTION, ETC.
Place of publication, distribution, etc. Cambridge ;
-- New York :
Name of publisher, distributor, etc. Cambridge University Press,
Date of publication, distribution, etc. 2000.
300 ## - PHYSICAL DESCRIPTION
Extent x, 317 p. :
Other physical details ill. ;
Dimensions 26 cm.
505 ## - FORMATTED CONTENTS NOTE
Formatted contents note Computer Overview (Page-1), Performance Models and Evaluation (Page-26), User Instruction (Page-50), Memory Systems (Page-131), Processors Control Design (Page-183), Pipelined Processors (Page-204), Input /output (Page-241), Extended Instruction Set Architectures (Page-275).
650 #0 - SUBJECT ADDED ENTRY--TOPICAL TERM
Topical term or geographic name entry element Computer architecture.
856 41 - ELECTRONIC LOCATION AND ACCESS
Materials specified Publisher description
Uniform Resource Identifier <a href="http://www.loc.gov/catdir/description/cam029/99016243.html">http://www.loc.gov/catdir/description/cam029/99016243.html</a>
856 41 - ELECTRONIC LOCATION AND ACCESS
Materials specified Table of contents
Uniform Resource Identifier <a href="http://www.loc.gov/catdir/toc/cam024/99016243.html">http://www.loc.gov/catdir/toc/cam024/99016243.html</a>
942 ## - ADDED ENTRY ELEMENTS (KOHA)
Source of classification or shelving scheme
Koha item type Book
Call number prefix 004.22,GRA
Holdings
Withdrawn status Lost status Source of classification or shelving scheme Damaged status Not for loan Permanent Location Current Location Shelving location Date acquired Full call number Barcode Date last seen Price effective from Koha item type Public note
          Military College of Signals (MCS) Military College of Signals (MCS) General Stacks 12/12/2016 004.22,GRA MCS28140 12/08/2016 12/12/2016 Book Almirah No.2, Self No.3
© 2023 Central Library, National University of Sciences and Technology. All Rights Reserved.